Rejected Daily Trivia #2 - Statistics

General Stats
  • This quiz has been taken 230 times
  • The average score is 5 of 10
Answer Stats
Question Answer % Correct
Which country did the USA purchase Alaska from in 1867? Russia
86%
Which monarch is often referred to as the Sun King? Louis XIV
69%
Who played Jedi Master Mace Windu in Star Wars? Samuel L. Jackson
67%
Gnaeus Pompeius Magnus, Marcus Licinius Crassus, and Gaius Julius Caesar are collectively known as what? The First Triumvirate
55%
What is the name of the church often referred to as the Mormon Church? The Church of Jesus Christ of Latter-day Saints
53%
Across how many countries does the traditional homeland of the Sàmi people stretch? 4
47%
Which of the following is NOT a name of the main character in Frank Herbert's Dune? Rakis
36%
Which of the following is NOT an EU institution? European Monetary Fund
29%
In the realm of climate technology, what does the abbreviation CCS refer to? Carbon Capture and Storage
24%
What is the war fought between Finland and the Soviet Union in 1941-1944 called? The Continuation War
9%
No matching quizzes found
Score Distribution
Percent of People with Each Score
Percentile by Number Answered
Your Score History
You have not taken this quiz